La Audiencia Territorial de La Coruña ante la problemática de los aprovechamientos de aguas de Galicia (Record no. 189503)

MARC details
000 -LEADER
campo de control de longitud fija 00929nam a2200193 i 4500
001 - NÚMERO DE CONTROL
campo de control 189503
003 - IDENTIFICADOR DE NÚMERO DE CONTROL
campo de control SpMaBN
005 - FECHA Y HORA DE LA ÚLTIMA TRANSACCIÓN
campo de control 20230906223504.0
008 - DATOS DE LONGITUD FIJA--INFORMACIÓN GENERAL
campo de control de longitud fija 190605s1980 sp |||| | spa d
080 ## - NÚMERO DE LA CLASIFICACIÓN DECIMAL UNIVERSAL
Número de la Clasificación Decimal Universal 347.247(460.11)(094.98)
100 1# - ENTRADA PRINCIPAL--NOMBRE DE PERSONA
Nombre de persona García Caridad, José Antonio.
9 (RLIN) 167279
245 13 - MENCIÓN DEL TÍTULO
Título La Audiencia Territorial de La Coruña ante la problemática de los aprovechamientos de aguas de Galicia
Resto del título : discurso /
Mención de responsabilidad, etc. leído el día 17 de octubre de 1980, en la solemne sesión de ingreso del académico de número... Don José Antonio García Caridad y contestación... Don Emilio González López.
260 ## - PUBLICACIÓN, DISTRIBUCIÓN, ETC.
Lugar de publicación, distribución, etc. La Coruña :
Nombre del editor, distribuidor, etc. Academia Gallega de Jurisprudencia y Legislación,
Fecha de publicación, distribución, etc. 1980.
300 ## - DESCRIPCIÓN FÍSICA
Extensión 48 p. ;
Dimensiones 27 cm.
650 #7 - PUNTO DE ACCESO ADICIONAL DE MATERIA--TÉRMINO DE MATERIA
Término de materia o nombre geográfico como elemento de entrada Agua-
Subdivisión general Jurisprudencia-
Subdivisión geográfica Galicia.
9 (RLIN) 167278
700 1# - ENTRADA AGREGADA--NOMBRE PERSONAL
Nombre de persona González López, Emilio.
9 (RLIN) 58763
710 2# - ENTRADA AGREGADA--NOMBRE DE ENTIDAD CORPORATIVA
Nombre de entidad corporativa o nombre de jurisdicción como elemento de entrada Academia Gallega de Jurisprudencia y Legislación.
9 (RLIN) 1197
852 ## - LOCALIZACIÓN
Ubicación ES-MaACL
Número de control de estantería 2341-F-7
Holdings
Estatus retirado Estado de pérdida Estado de daño No para préstamo Colección Biblioteca de origen Biblioteca actual Ubicación en estantería Fecha de adquisición Fuente de adquisición Total de préstamos Signatura topográfica completa Código de barras Visto por última vez Precio de reemplazo Tipo de ítem Koha
        Colección de folletos Biblioteca del Ateneo de Madrid Biblioteca del Ateneo de Madrid Depósito folletos 05/06/2019     2341-F-7 1200795 23/02/2023 23/02/2023 Folleto